Algorithm animation /

Saved in:
Bibliographic Details
Main Author: Brown, Marc H.
Format: Book
Language:English
Published: Cambridge, Mass. : MIT Press, c1988.
Series:ACM distinguished dissertations
Subjects:
LEADER 00994nam a2200289 a 4500
001 c000012370
003 CARM
005 00000000000000.0
008 880314s1988 maua b 00110 eng
019 1 |a 5820859  |5 LACONCORD2021 
020 |a 0262022788 
035 |a (OCoLC)17727539  |5 LACONCORD2021 
050 0 0 |a QA76.6  |b .B765 1988 
082 0 0 |a 006.6  |2 19 
100 1 |a Brown, Marc H. 
245 1 0 |a Algorithm animation /  |c Marc H. Brown. 
260 |a Cambridge, Mass. :  |b MIT Press,  |c c1988. 
300 |a 186 p. :  |b ill. ;  |c 24 cm. 
440 0 |a ACM distinguished dissertations 
500 |a Includes index. 
504 |a Bibliography: p. [175]-181. 
650 0 |a Computer programming. 
650 0 |a Computer algorithms. 
650 0 |a Computer graphics. 
852 8 |b CARM  |h A2:AI05E0  |i C04052  |p 0095769  |f BK 
999 f f |i 9ed1901d-62d4-55e9-aa85-d20fdd206fae  |s bcfd1075-804b-5bb1-8a1c-0eaaadf8a1a0 
952 f f |p Can circulate  |a CAVAL  |b CAVAL  |c CAVAL  |d CARM 1 Store  |e C04052  |f A2:AI05E0  |h Other scheme  |i book  |m 0095769